| 000 | 00519cam a2200205ua 4500 | ||
|---|---|---|---|
| 001 | 7463 | ||
| 008 | 141211n ii |||gr||||Z||||||ben | ||
| 020 | _a817201614X | ||
| 040 | _cMAIN | ||
| 041 | _aben | ||
| 082 | _a891.44002 | ||
| 100 |
_aSirajuddin, A., _eAuthor. |
||
| 245 | 1 |
_aMir Mosarraf Hossain _cBy Sirajuddin Ahmed |
|
| 250 | _a1st. | ||
| 260 |
_aNew Delhi: _bSahitya akademi, _c1994. |
||
| 300 | _a107p. | ||
| 653 | _aEast Indo-European & Celtic literatures | ||
| 653 | _aBengali monographs | ||
| 942 | _cBK | ||
| 999 |
_c6586 _d6586 |
||